000 00319nam a2200097Ia 4500
008 241105s9999 xx 000 0 und d
041 _aeng
100 _aBobde Namrata
_9182654
245 _aConceptual Framework For Sustainable Municpal Solid Waste Management In Amravati City
260 _bFinal Year B.Arch ID, Pune
_c2014
999 _c360945
_d360945